ARRUPE JESUIT UNIVERSITY

CORONAVIRUS -STOP THE SPREAD - CLEAN,DISINFECT,COVER

The philosophy of A.J. Ayer / (Record no. 120395)

MARC details
000 -LEADER
fixed length control field 01097cam a2200289 a 4500
001 - CONTROL NUMBER
control field 2030499
003 - CONTROL NUMBER IDENTIFIER
control field ARRUPE
005 - DATE AND TIME OF LATEST TRANSACTION
control field 20140408140710.0
008 - FIXED-LENGTH DATA ELEMENTS--GENERAL INFORMATION
fixed length control field 920205s1992 iluc b 001 0 eng
010 ## - LIBRARY OF CONGRESS CONTROL NUMBER
LC control number 92006249
020 ## - INTERNATIONAL STANDARD BOOK NUMBER
International Standard Book Number 0812691725 (hard)
020 ## - INTERNATIONAL STANDARD BOOK NUMBER
International Standard Book Number 0812691733 (pbk.)
040 ## - CATALOGING SOURCE
Original cataloging agency DLC
Transcribing agency DLC
Modifying agency DLC
050 00 - LIBRARY OF CONGRESS CALL NUMBER
Classification number B1618.A94
Item number P45 1992
082 00 - DEWEY DECIMAL CLASSIFICATION NUMBER
Classification number 192
Edition number 20
300 ## - PHYSICAL DESCRIPTION
Other physical details port. ;
Dimensions 24 cm.
245 04 - TITLE STATEMENT
Title The philosophy of A.J. Ayer /
Statement of responsibility, etc edited by Lewis Edwin Hahn.
260 ## - PUBLICATION, DISTRIBUTION, ETC. (IMPRINT)
Place of publication, distribution, etc La Salle, Ill. :
Name of publisher, distributor, etc Open Court,
Date of publication, distribution, etc c1992.
300 ## - PHYSICAL DESCRIPTION
Extent xix, 696 p. :
440 #4 - SERIES STATEMENT/ADDED ENTRY--TITLE
Title The Library of living philosophers ;
Volume number/sequential designation v. 21
9 (RLIN) 9819
504 ## - BIBLIOGRAPHY, ETC. NOTE
Bibliography, etc "Bibliography of the writings of A.J. Ayer, compiled by Guida Crowley": p. [661]-680.
504 ## - BIBLIOGRAPHY, ETC. NOTE
Bibliography, etc Includes bibliographical references and index.
600 10 - SUBJECT ADDED ENTRY--PERSONAL NAME
Personal name Ayer, A. J.
Fuller form of name (Alfred Jules),
Dates associated with a name 1910-1989.
9 (RLIN) 9820
700 1# - ADDED ENTRY--PERSONAL NAME
Personal name Hahn, Lewis Edwin,
Dates associated with a name 1908-2004.
9 (RLIN) 9821
906 ## - LOCAL DATA ELEMENT F, LDF (RLIN)
a 7
b cbc
c orignew
d 1
e ocip
f 19
g y-gencatlg
942 ## - ADDED ENTRY ELEMENTS (KOHA)
Source of classification or shelving scheme Library of Congress Classification
Koha item type Monograph ( Printed materials)
Holdings
Withdrawn status Lost status Source of classification or shelving scheme Damaged status Not for loan Collection code Home library Current library Shelving location Date acquired Total Checkouts Full call number Barcode Date last seen Date checked out Price effective from Koha item type
    Library of Congress Classification     Main Collection ARRUPE LIBRARY ARRUPE LIBRARY Main Collection 08/04/2014 1 B1618.A94 P45 1992 46500001735 29/04/2016 14/04/2016 08/04/2014 Monograph ( Printed materials)
    Library of Congress Classification     Main Collection ARRUPE LIBRARY ARRUPE LIBRARY Main Collection 10/09/2014 2 B1618.A94 P45 1992 46500001770 28/04/2016 14/04/2016 10/09/2014 Monograph ( Printed materials)

 

Arrupe Library. PO Box MP320 Mt Pleasant, Harare, Zimbabwe
263 242 745411|librarian@aju.ac.zw